BIBLIOTHÈQUE DE LA MAISON DU MEXIQUE

Logo 1 Logo 2

Historia de un vestido negro (notice nᵒ 7594)

détails MARC
000 -Sello discográfico
campo de control de longitud fija 00787nam a2200277 4500
005 - Identificación de versión
campo de control 20260330130041.0
010 ## - Número Estándar Internacional de Libros (ISBN)
Número (ISBN) 978-607-16-1437-7
099 ## - fechas locales
Tipo de ítem Koha LIBRO
100 ## - Datos de procesamiento general
Datos de procesamiento general 20241004d2013 m y1spay5003 ba
101 ## - Idioma del recurso
Idioma del texto, banda sonora, etc. Español; Castellano
105 ## - Campo de datos codificados: Material textual, monográfico
Datos codificados de monografía y 001ay
200 1# - Título y mención de responsabilidad
Título propio Historia de un vestido negro
Designación general del material texto impreso
Primer mención de responsabilidad Guillermo Samperio
Declaración de responsabilidad subsiguiente prólogo Hernán Lara Zavala
205 ## - Declaración de edición
Declaración de edición 1a ed
210 ## - Publicación, distribución, etc.
Lugar de publicación, distribución, etc. México
Nombre del editor, distribuidor, etc. Fondo de Cultura Económica
Fecha de publicación, distribución, etc. 2013
215 ## - Descripción física
Designación de material específico y extensión del ítem 225 p
Dimensiones 21 cm
345 ## - Nota de información de adquisición
Fuente de adquisición/dirección de la suscripción [OBSOLETO] Donación
410 #1 - Series
Título Letras mexicanas
606 ## - Término temático usado como materia
Elemento de entrada Cuentos mexicanos
Subdivisión cronológica Siglo XX
Número Koha 81
660 ## - Código de área geográfica
Código MX
700 ## - Nombre personal - Responsabilidad primaria
Elemento de entrada Samperio
Parte del nombre distinta del elemento de entrada Guillermo
Fechas 1948-2016
Número Koha 1879
702 ## - Nombre personal - Responsabilidad secundaria
Elemento de entrada Lara Zavala
Parte del nombre distinta del elemento de entrada Hernán
Fechas 1946-
Número Koha 1880
801 ## - Fuente de origen
País FR
Agencia cm
Reglas de catalogación (convenciones descriptivas) AFNOR
942 ## - ELEMENTOS DE ENTRADA SECUNDARIOS (KOHA)
Tipo de ítem Koha Livre
Exemplaires
Estatus retirado Estado de daño Estado de pérdida Fecha de adquisición Biblioteca de origen Biblioteca actual Ubicación en estantería Código de barras Precio de reemplazo Signatura topográfica completa No para préstamo Tipo de ítem Koha Nota pública Nota no pública
      05/08/2025 Casa México Paris Casa México Paris   011240 05/08/2025 860.82 L649S V.368   Livre 20241004LIV 751145101